| 000 | 00572nam a2200205Ia 4500 | ||
|---|---|---|---|
| 003 | GCL | ||
| 008 | 140319s9999 xx 000 0 ara d | ||
| 040 |
_aGCL / _cGCL |
||
| 082 | 0 | 4 |
_a340.1 _bع ق |
| 100 | 1 | _aعبدالرحمن عزوز | |
| 245 | 1 | 0 |
_aالقضاء الشعبى / _cعبدالرحمن عزوز |
| 260 |
_a[S.N] : _bدار نهضة مصر للطبع والنشر ، _c1977 |
||
| 300 | _a548 ص | ||
| 490 | _a | ||
| 650 | 0 | 4 | _aالقانون |
| 650 | 0 | 4 | _aالقضاء |
| 650 | 0 | 4 | _aالمحاماة |
| 650 | 0 | 4 | _aالمحامون |
| 942 |
_2ddc _cBK |
||
| 999 |
_c41227 _d41227 |
||